Statistics for 50 Biggest Cities In The United States Minefield Quiz

Click here to take the quiz!

General Stats

  • This quiz has been taken 83 times
    (50 since last reset)
  • The average score is 11 of 50

Answer Stats

RankCityStatePopulation% Correct
1New York CityNew York8,336,000
83%
3ChicagoIllinois2,693,000
75%
2Los AngelesCalifornia3,979,000
75%
16San FranciscoCalifornia881,000
58%
19DenverColorado727,000
50%
4HoustonTexas2,320,000
50%
9DallasTexas1,343,000
42%
24DetroitMichigan670,000
42%
18SeattleWashington753,000
42%
37AtlantaGeorgia506,000
33%
42MiamiFlorida467,000
33%
6PhiladelphiaPennsylvania1,584,000
33%
5PhoenixArizona1,680,000
33%
7San AntonioTexas1,547,000
33%
8San DiegoCalifornia1,423,000
33%
10San JoseCalifornia1,021,000
33%
20Washington, DCDistrict of Columbia705,000
33%
11AustinTexas978,000
25%
30BaltimoreMaryland593,000
25%
21BostonMassachusetts692,000
25%
15CharlotteNorth Carolina885,000
17%
12JacksonvilleFlorida911,000
17%
27Las VegasNevada651,000
17%
46MinneapolisMinnesota429,000
17%
25Oklahoma CityOklahoma655,000
17%
26PortlandOregon654,000
17%
36SacramentoCalifornia513,000
17%
33TucsonArizona548,000
17%
32AlbuquerqueNew Mexico560,000
8%
14ColumbusOhio898,000
8%
22El PasoTexas681,000
8%
13Fort WorthTexas909,000
8%
34FresnoCalifornia531,000
8%
17IndianapolisIndiana876,000
8%
38Kansas CityMissouri495,000
8%
29LouisvilleKentucky617,000
8%
28MemphisTennessee651,000
8%
23NashvilleTennessee670,000
8%
50New OrleansLouisiana390,000
8%
45OaklandCalifornia433,000
8%
41RaleighNorth Carolina474,000
8%
48TampaFlorida399,000
8%
44Virginia BeachVirginia449,000
8%
49ArlingtonTexas398,000
0%
39Colorado SpringsColorado478,000
0%
43Long BeachCalifornia462,000
0%
35MesaArizona518,000
0%
31MilwaukeeWisconsin590,000
0%
40OmahaNebraska478,000
0%
47TulsaOklahoma401,000
0%

Score Distribution

Percentile by Number Answered

Percent of People with Each Score

Your Score History

You have not taken this quiz since the last reset